| 000 | 01060cam a2200241 4500 | ||
|---|---|---|---|
| 001 | ABS63993 | ||
| 008 | 000000n2001 000 0 eng u | ||
| 035 | _a(Sirsi) u112701 | ||
| 100 | _aCridland, P | ||
| 245 | _aReasons to be cheerful: local land and property gazetteer implementation | ||
| 260 | _c2001 | ||
| 490 |
_aBURISA _v(147) April 2001, 8-11(4) |
||
| 520 | _a[TAKEN FROM JOURNAL HEADNOTE] This paper describes the creation of a BS 7666 compliant gazetteer through the address matching processes offered through the IDeA and through a contract let for the creation of the property extent boundaries. The factors leading to the land and property gazetteer (LPG) creation are examined, as are the processes for integrating the gazetteer with service based systems. | ||
| 590 | _aABS | ||
| 650 | _aBS 7666 | ||
| 650 | _aDIRECTORIES | ||
| 650 | _aADDRESSES | ||
| 650 | _aLAND AND PROPERTY GAZETTEER | ||
| 650 |
_aBoundary disputes _96221 |
||
| 650 | _aDATA | ||
| 690 | _aMANAGEMENT-BUSINESS MANAGEMENT-INFORMATION MANAGEMENT | ||
| 942 | _n0 | ||
| 999 |
_c67092 _d67092 |
||